<The> Minimum wage: labor market consequences in the Czech Republic
Salvato in:
| Autore principale: | |
|---|---|
| Altri autori: | |
| Natura: | Capitolo di libro |
| Lingua: | inglese |
| Soggetti: | |
| Tags: |
Nessun Tag, puoi essere il primo ad aggiungerne!!
|
MARC
| LEADER | 00000naa$a2200000$$$4500 | ||
|---|---|---|---|
| 001 | 0111151 | ||
| 005 | 20231010115207.9 | ||
| 041 | 0 | |a eng | |
| 044 | |a CZ | ||
| 245 | 1 | 0 | |a <The> Minimum wage: labor market consequences in the Czech Republic |c Kamila Fialová, Martina Mysíková |
| 610 | 2 | 0 | |a mzdy minimálne |
| 610 | 2 | 0 | |a trh práce |
| 610 | 2 | 0 | |a zamestnanosť |
| 610 | 2 | 0 | |a nezamestnanosť |
| 610 | 2 | 0 | |a Česko |
| 100 | 1 | |a Fialová, Kamila | |
| 700 | 1 | |a Mysíková, Martina | |